00694nam a2200145Ia 450000500170000000800410001702000150005808200130007310000170008624500330010325000200013626000330015630000130018950003460020220240813034845.0240331s9999 xx 000 0 und d a071694409X bTHEa407 aMaciver, A.  4aThe new first aid in english aRevised Edition aGlasgowbRobert Gibsonc1986 a192 p ., a" The New First Aid in English can be highly recommended and its readers are equally stimulating.... they include legends: extracts from old works and new. Questions and exercises about the stories and poems are provided: and black and white illustrations, combined with good print and paper, add to the attraction of this excellent series."